| 000 | 01256nam a2200205Ia 4500 | ||
|---|---|---|---|
| 003 | Ost | ||
| 005 | 20260507075737.0 | ||
| 008 | 260507s9999||||xx |||||||||||||| ||und|| | ||
| 040 | _cfsecg | ||
| 041 | _aara | ||
| 082 | _a382.1 | ||
| 100 |
_aعوض الله، زينب حسين _eمؤلف |
||
| 245 | 0 |
_aالعلاقات الاقتصادية الدولية / _c زينب حسين عوض الله |
|
| 260 |
_aالاسكندرية: _bالفتح للطباعة والنشر, _c2003 |
||
| 300 |
_a361 صفحة؛ _c24 سم |
||
| 520 | _aالتطورات الحديثة في الاقتصاد العالمي-العلاقات الاقتصادية الدولية-النظريات المفسرة للتبادل الدولي-العلاقات النقدية والمالية الدولية-نظام النقد الدولي-الدول النامية وأزمة نظام نظام النقد الدولي-انتقال الاضطرابات الاقتصادية الدولية-التضخم الدولي أزمة المديونية الدولية-السياسات التجارية-الجات والنظام التجاري الدولي | ||
| 653 | _aالاقتصاد الدولي | ||
| 653 | _aالعلاقات الاقتصادية الدولية | ||
| 942 | _cكتاب | ||
| 999 |
_c46099 _d46099 |
||